000
00245nam a22000857a 4500
008
160704b xxu||||| |||| 00| 0 eng d
100
_9
2050
_a
Allan, J
245
_a
How to Solve your People Problems
260
_a
New Delhi
_b
Universal Book Stall
_c
1997
999
_c
1749
_d
1749